Orientácia na človeka, spolupráca s ľuďmi. Prípadové informácie. Majstrovský list.

Zaobchádzanie s ľuďmi - programy zamerané na ľudí. Prieskum v mnohých významných spoločnostiach - IBM, McDonald's, Wal-Mart a i. Filozofia orientácie na ľudí.

Guardado en:
Detalles Bibliográficos
Autor principal: Zorkóciová, Otília, 1954-
Formato: Capítulo de libro
Lenguaje:eslovaco
Materias:
Etiquetas: Agregar Etiqueta
Sin Etiquetas, Sea el primero en etiquetar este registro!

MARC

LEADER 00000naa a2200000 4500
001 r013256
005 20221213083031.0
041 0 |a slo 
044 |a CZ 
245 1 0 |a Orientácia na človeka, spolupráca s ľuďmi. Prípadové informácie.  |b Majstrovský list.  |c Otília Zorkóciová 
520 |a Zaobchádzanie s ľuďmi - programy zamerané na ľudí. Prieskum v mnohých významných spoločnostiach - IBM, McDonald's, Wal-Mart a i. Filozofia orientácie na ľudí. 
610 2 0 |a práca s ľuďmi 
610 2 0 |a IBM 
610 2 0 |a McDonald's 
610 2 0 |a Wal-Mart 
100 1 |a Zorkóciová, Otília, 1954-